Aplikácia nástrojov manažérskeho účtovníctva pri prevádzke čerpacej stanice bakalárska práca
Salvato in:
| Autore principale: | |
|---|---|
| Ente Autore: | |
| Altri autori: | |
| Natura: | Libro |
| Lingua: | slovacco |
| Pubblicazione: |
Bratislava
2024
|
| Tags: |
Nessun Tag, puoi essere il primo ad aggiungerne!!
|
MARC
| LEADER | 00000nbm a2200000 4500 | ||
|---|---|---|---|
| 001 | 0302545 | ||
| 005 | 20250131120821.2 | ||
| 041 | 0 | |a slo | |
| 044 | |a SK | ||
| 245 | 1 | 0 | |a Aplikácia nástrojov manažérskeho účtovníctva pri prevádzke čerpacej stanice |b bakalárska práca |c Samuel Palenek ; školiteľ: Daša Mokošová |
| 264 | 1 | |a Bratislava |c 2024 | |
| 300 | |a 49 s. | ||
| 100 | 1 | |a Palenek, Samuel | |
| 700 | 1 | |a Mokošová, Daša, 1979- | |
| 710 | 2 | |a Fakulta hospodárskej informatiky EU. Katedra účtovníctva a audítorstva | |